000 01357nam0a2200349 4500
001 RU\NLR\BIBL_A\022708322
005 20260331171547.0
010 _a978-5-04-212064-0
_95000
021 _aRU
_bКН-П-25-073648
_9КН-П-25-7134
035 _a(NLR Aleph) 022708322
090 _a13647057
_c13647057
100 _a20260123d2026 u y0rusy50 ca
101 1 _arus
_cchi
102 _aRU
105 _aa z 000ay
181 0 _ai3
_baxxe
182 0 _an
200 1 _aДоговор девушки и дракона
_e[роман]
_fЛяньму Чугуан
_g[перевод с китайского Н. Поздняковой]
203 _aТекст
_bвизуальный
_cнепосредственный
210 _aМосква
_cЭксмо, Freedom
_d2026 (печ. 2025)
215 _a345, [2] с.
_cил.
_d21
225 1 _aYoung adult
_iПагода алой хризантемы
_eмолодежное фэнтези азиатских авторов
333 _a16+
686 0 _aШ9(5Кит)62-4
700 0 _7ca
_8rus
_aЛяньму Чугуан
_92703199
_3RU\NLR\AUTH\770291765
702 1 _4730
_7ca
_8rus
_aВереск
_bН.
_gНика
_9108431
_3RU\NLR\AUTH\77125506
942 _cBOOK
980 _aNB